<?xml version="1.0" encoding="UTF-8"?><?xml-stylesheet type="text/xsl" href="static/style.xsl"?><OAI-PMH xmlns="http://www.openarchives.org/OAI/2.0/" xmlns:xsi="http://www.w3.org/2001/XMLSchema-instance" xsi:schemaLocation="http://www.openarchives.org/OAI/2.0/ http://www.openarchives.org/OAI/2.0/OAI-PMH.xsd"><responseDate>2026-04-28T19:03:34Z</responseDate><request verb="GetRecord" identifier="oai:uvadoc.uva.es:10324/67413" metadataPrefix="marc">https://uvadoc.uva.es/oai/request</request><GetRecord><record><header><identifier>oai:uvadoc.uva.es:10324/67413</identifier><datestamp>2024-05-07T19:02:04Z</datestamp><setSpec>com_10324_38</setSpec><setSpec>col_10324_852</setSpec></header><metadata><record xmlns="http://www.loc.gov/MARC21/slim" xmlns:doc="http://www.lyncode.com/xoai" xmlns:xsi="http://www.w3.org/2001/XMLSchema-instance" xmlns:dcterms="http://purl.org/dc/terms/" xsi:schemaLocation="http://www.loc.gov/MARC21/slim http://www.loc.gov/standards/marcxml/schema/MARC21slim.xsd">
<leader>00925njm 22002777a 4500</leader>
<datafield tag="042" ind1=" " ind2=" ">
<subfield code="a">dc</subfield>
</datafield>
<datafield tag="720" ind1=" " ind2=" ">
<subfield code="a">Herrero Alcalde, Ohiane</subfield>
<subfield code="e">author</subfield>
</datafield>
<datafield tag="260" ind1=" " ind2=" ">
<subfield code="c">2023</subfield>
</datafield>
<datafield tag="520" ind1=" " ind2=" ">
<subfield code="a">A lo largo de este TFG se va a desarrollar en profundidad el mercado inmobiliario de la provincia de Soria, centrando el análisis en la capital y en los pueblos más “grandes”. Se van a estudiar desde un punto de vista estadístico aquellos factores determinantes para el equilibrio del sector entre los años 2005 y 2022.  &#xd;
El objetivo del trabajo es dar una perspectiva al precio de la vivienda tanto en opción de compra como en alquiler, los número de operaciones realizadas en el mercado y la oferta disponible. Con ello se quiere lograr conocer la situación real de la vivienda en la provincia y en las zonas rurales, además de conocer las ayudas que poseen la población para poder acceder a una vivienda digna.</subfield>
</datafield>
<datafield tag="024" ind2=" " ind1="8">
<subfield code="a">https://uvadoc.uva.es/handle/10324/67413</subfield>
</datafield>
<datafield tag="245" ind1="0" ind2="0">
<subfield code="a">Análisis del sector inmobiliario: la vivienda en Soria y su medio rural</subfield>
</datafield>
</record></metadata></record></GetRecord></OAI-PMH>